[Event "European Blitz 2017"]
[Site "Katowice POL"]
[Date "2017.12.15"]
[Round "16.74"]
[White "Tymrakiewicz, Rafal"]
[Black "Schulz, Karsten"]
[Result "0-1"]
[WhiteTitle "FM"]
[BlackTitle "FM"]
[WhiteElo "2272"]
[BlackElo "2293"]
[WhiteFideId "1108832"]
[BlackFideId "4611446"]
[EventDate "2017.12.15"]
[EventType "blitz"]

1. d4 d6 2. Nf3 Nf6 3. Bf4 g6 4. e3 Bg7 5. Bc4 O-O 6. Nbd2 c5 7. c3 Nc6 8. O-O
b6 9. Qe2 Bb7 10. Rad1 Qc7 11. h3 Rac8 12. Rfe1 Rcd8 13. dxc5 bxc5 14. e4 Qb6
15. Bb3 Na5 16. e5 dxe5 17. Bxe5 Ba6 18. Bc4 Nxc4 19. Nxc4 Qc6 20. b3 Rfe8 21.
Kh1 Rd5 22. Rxd5 Qxd5 23. Rd1 Bxc4 24. bxc4 Qc6 25. Qd3 Qe4 26. Bxf6 Qxd3 27.
Rxd3 Bxf6 28. Rd7 Rb8 29. Rxa7 Rb2 30. Kg1 Rc2 31. Ra5 Bxc3 32. Rxc5 Rxa2 33. g3
h6 34. Rd5 Rc2 35. c5 Bb4 36. Rd8+ Kg7 37. Nd4 Rxc5 38. Kg2 Rc4 39. Rd7 Bd6 40.
Nf3 Bc5 41. Rd2 Bd6 42. h4 Ra4 43. Rc2 Ra3 44. Rd2 f6 45. Re2 g5 46. hxg5 hxg5
47. Rc2 Kg6 48. Nd4 Ra4 49. Ne6 Kf7 50. Nd8+ Ke8 51. Ne6 Kd7 52. Ng7 Ra5 53. Re2
Re5 54. Ra2 g4 55. Ra7+ Kc6 56. Ra4 f5 57. Ra6+ Kd7 58. Ra7+ Bc7 59. Ra6 e6 60.
Kf1 Ke7 61. Ra7 Rc5 62. Nh5 Kf8 63. Nf6 Kf7 64. Nh5 Kg6 65. Nf4+ Bxf4 66. gxf4
Rc4 67. Kg2 Rxf4 68. Ra8 Rd4 69. Kg3 Rd3+ 70. Kg2 Kf6 71. Ra5 e5 72. Ra8 Kg5 73.
Ra4 e4 74. Ra8 Kf4 75. Ra5 Rd2 76. Kf1 Rc2 77. Ke1 Rb2 78. Kf1 Rb3 79. Ke1 e3
80. fxe3+ Rxe3+ 81. Kf2 Re5 82. Ra4+ Re4 83. Ra3 Rc4 84. Ra2 Rb4 85. Rc2 Kg5 86.
Rc5 Rb2+ 87. Kg3 Rb3+ 88. Kg2 Rf3 89. Rb5 Kh4 90. Rb8 Rd3 91. Rh8+ Kg5 92. Rc8
Rd2+ 93. Kg3 f4# 0-1

[Event "European Blitz 2017"]
[Site "Katowice POL"]
[Date "2017.12.15"]
[Round "16.75"]
[White "Mucha, Piotr"]
[Black "Sakalauskas, Vaidas"]
[Result "0-1"]
[BlackTitle "IM"]
[WhiteElo "2165"]
[BlackElo "2351"]
[WhiteFideId "1164163"]
[BlackFideId "12800457"]
[EventDate "2017.12.15"]
[EventType "blitz"]

1. e4 c5 2. Nc3 g6 3. f4 Bg7 4. Nf3 d6 5. Bb5+ Bd7 6. Bxd7+ Qxd7 7. O-O Nc6 8.
d3 e6 9. Qe1 Nge7 10. Bd2 Nd4 11. Nxd4 cxd4 12. Ne2 O-O 13. Kh1 Rac8 14. c3 dxc3
15. Bxc3 d5 16. Qf2 a6 17. Rad1 Rfd8 18. Nd4 b5 19. a3 Nc6 20. Nxc6 Rxc6 21.
Bxg7 Kxg7 22. f5 exf5 23. exf5 d4 24. f6+ Kh8 25. Qh4 Qd6 26. Rde1 Qf8 27. Re7
Rdc8 28. Qxd4 Rd8 29. Qe4 Rcd6 30. h3 Rxd3 31. Qb7 Rd1 32. Rxd1 Rxd1+ 33. Kh2
Qd8 34. Qe4 Qd6+ 35. g3 h5 36. Qg2 Rd2 37. Re2 Rxe2 38. Qxe2 Qxf6 39. b4 Kg7 40.
Qd2 Qe5 41. Qf2 h4 0-1

[Event "European Blitz 2017"]
[Site "Katowice POL"]
[Date "2017.12.15"]
[Round "16.76"]
[White "Sergeev, Vladimir"]
[Black "Pavlidou, Ekaterini"]
[Result "1-0"]
[WhiteTitle "GM"]
[BlackTitle "WIM"]
[WhiteElo "2406"]
[BlackElo "2196"]
[WhiteFideId "14101076"]
[BlackFideId "4213262"]
[EventDate "2017.12.15"]
[EventType "blitz"]

1. d4 Nf6 2. Nf3 e6 3. c3 c5 4. e3 b6 5. Bd3 Bb7 6. Nbd2 d5 7. O-O Nbd7 8. Qe2
Ne4 9. Ne5 Nxe5 10. dxe5 Nxd2 11. Bb5+ Ke7 12. Bxd2 f6 13. f4 f5 14. Rad1 a6 15.
Bd3 c4 16. Bc2 b5 17. Be1 Qb6 18. Bf2 Qc6 19. Qh5 g6 20. Qh4+ Kd7 21. e4 Be7 22.
Qh3 Kc7 23. exd5 exd5 24. Bd4 Qe6 25. Rd2 Raf8 26. Bd1 h6 27. Rdf2 g5 28. Bc2 g4
29. Qe3 h5 30. Re2 h4 31. a4 Bc6 32. Bc5 Kb7 33. Ra1 Ra8 34. Bxe7 Qxe7 35. e6
Rhf8 36. a5 Qc7 37. Qc5 g3 38. h3 Rfe8 39. Re5 d4 40. cxd4 Re7 41. d5 Bxd5 42.
Qxd5+ Qc6 43. Rd1 Rc8 44. Bxf5 1-0

[Event "European Blitz 2017"]
[Site "Katowice POL"]
[Date "2017.12.15"]
[Round "16.77"]
[White "Sadzikowski, Daniel"]
[Black "Smieszek, Wojciech"]
[Result "1-0"]
[WhiteTitle "GM"]
[WhiteElo "2584"]
[BlackElo "2185"]
[WhiteFideId "1132253"]
[BlackFideId "1156047"]
[EventDate "2017.12.15"]
[EventType "blitz"]

1. Nf3 Nf6 2. c4 c5 3. Nc3 Nc6 4. d4 cxd4 5. Nxd4 g6 6. e4 Bg7 7. Be3 Ng4 8.
Qxg4 Nxd4 9. Qd1 Ne6 10. Rc1 Qa5 11. Qd5 Qb4 12. Qb5 Qxb5 13. cxb5 d6 14. Bc4
O-O 15. O-O Bd7 16. b3 b6 17. Nd5 Rfe8 18. f4 Rac8 19. a4 Nc5 20. Bxc5 Rxc5 21.
Rcd1 Kf8 22. f5 Rec8 23. f6 exf6 24. Nxf6 Bxf6 25. Rxf6 Be8 26. Rfxd6 Re5 27.
R6d4 Rc7 28. Kf2 Rce7 29. Kf3 f5 30. exf5 gxf5 31. Kf2 Bh5 32. R1d2 Kg7 33. Rd7
Kf6 34. R2d6+ Kg5 35. Rxe7 Rxe7 36. g3 Bf7 37. h4+ Kg4 38. Be2+ Kh3 39. Rf6 Bg6
40. Rc6 f4 41. gxf4 Kxh4 42. Rc4 Kh3 43. f5 Bxf5 44. Bf1+ Kh2 45. Rh4+ 1-0

[Event "European Blitz 2017"]
[Site "Katowice POL"]
[Date "2017.12.15"]
[Round "16.78"]
[White "Horton, Andrew P"]
[Black "Krainski, Aleksander"]
[Result "1-0"]
[WhiteTitle "FM"]
[BlackTitle "FM"]
[WhiteElo "2397"]
[BlackElo "2203"]
[WhiteFideId "424269"]
[BlackFideId "1102400"]
[EventDate "2017.12.15"]
[EventType "blitz"]

1. b3 e5 2. Bb2 Nc6 3. e3 Nf6 4. Bb5 Bd6 5. Ne2 e4 6. Ng3 Be5 7. Qc1 O-O 8. Bxc6
Bxb2 9. Qxb2 bxc6 10. d3 exd3 11. cxd3 d5 12. O-O a5 13. Nc3 d4 14. exd4 Qxd4
15. Rad1 Qh4 16. Nce4 Nd5 17. Rc1 f5 18. Nd2 f4 19. Nf3 Qh6 20. Ne4 Nb4 21. Ne5
f3 22. gxf3 Bh3 23. Rfe1 Rxf3 24. Nxf3 Nxd3 25. Qc3 Qg6+ 26. Ng3 Nf4 27. Qc4+
Ne6 28. Nd4 Re8 29. Nxe6 Bxe6 30. Qe4 Qf7 31. Re3 Bd7 32. Qf3 1-0

[Event "European Blitz 2017"]
[Site "Katowice POL"]
[Date "2017.12.15"]
[Round "16.79"]
[White "Kumala, Aleksander"]
[Black "Walach, Marcin"]
[Result "1-0"]
[BlackTitle "FM"]
[WhiteElo "2220"]
[BlackElo "2319"]
[WhiteFideId "1141880"]
[BlackFideId "1107682"]
[EventDate "2017.12.15"]
[EventType "blitz"]

1. e4 e5 2. Nc3 Nc6 3. Bc4 Nf6 4. d3 Na5 5. Bb3 Nxb3 6. axb3 d6 7. f4 exf4 8.
Bxf4 Be7 9. Nf3 O-O 10. O-O Bg4 11. h3 Bh5 12. Qd2 Nd7 13. g4 Bg6 14. Nd5 c6 15.
Ne3 a6 16. Rae1 f6 17. Qh2 Ne5 18. Nf5 Bxf5 19. exf5 Nxf3+ 20. Rxf3 d5 21. d4
Rf7 22. Rfe3 c5 23. c3 cxd4 24. cxd4 Bb4 25. R1e2 Qb6 26. Qf2 Rc8 27. Re6 Qb5
28. Qe3 Bf8 29. h4 Qa5 30. h5 Qa1+ 31. Kg2 Qb1 32. Bd6 Rc2 33. Bxf8 Rxf8 34. Re8
Rxe2+ 35. Qxe2 Kf7 36. Qe6# 1-0

[Event "European Blitz 2017"]
[Site "Katowice POL"]
[Date "2017.12.15"]
[Round "16.81"]
[White "Janik, Igor"]
[Black "Sanz Losada, Victoriano"]
[Result "1-0"]
[WhiteTitle "FM"]
[BlackTitle "CM"]
[WhiteElo "2413"]
[BlackElo "2050"]
[WhiteFideId "1159259"]
[BlackFideId "2202808"]
[EventDate "2017.12.15"]
[EventType "blitz"]

1. e4 c5 2. Nf3 d6 3. Bb5+ Bd7 4. Bxd7+ Qxd7 5. c4 Nc6 6. O-O g6 7. d4 cxd4 8.
Nxd4 Bg7 9. Nc2 Nf6 10. Nc3 O-O 11. Rb1 Rac8 12. b3 Rfd8 13. Bb2 e6 14. Ne3 Ne7
15. Qf3 a6 16. Rfd1 Qc6 17. a4 Nd7 18. Ne2 Ne5 19. Qg3 Qxe4 20. Nf4 Nf5 21. Nxf5
Qxf5 22. Ne2 Qg4 23. Qe3 h5 24. f3 Qf5 25. Ng3 Qf6 26. Ne4 Qe7 27. Ba3 Rc6 28.
Rd2 f5 29. Nc3 Nf7 30. Rbd1 Qf6 31. Ne2 e5 32. Nc3 Bh6 33. Qe2 Bxd2 34. Nd5 Qe6
35. Rxd2 Kg7 36. Bb2 Rdc8 37. f4 b5 38. fxe5 dxe5 39. Nf4 Qf6 40. Nd5 Qg5 41.
axb5 axb5 42. cxb5 Rc1+ 43. Bxc1 Rxc1+ 44. Rd1 Rc8 45. b6 Kh6 46. b7 Rb8 47. Qb5
Qg4 48. Nc3 Qf4 49. Qc5 e4 50. Ne2 Qg4 51. Qe3+ Ng5 52. h3 f4 53. Qxf4 Qxe2 54.
Rd5 Rxb7 55. Rxg5 Kg7 56. Rd5 Rf7 57. Qe5+ Kh7 58. Kh2 Qf2 59. Qxe4 Qf4+ 60.
Qxf4 Rxf4 61. Rd2 Rb4 62. Rb2 g5 63. Kg3 Kg6 64. Kf3 Kf5 65. Ke3 Ke5 66. Kd3 g4
67. Kc3 Rb8 68. b4 g3 69. b5 Rf8 70. b6 Kd6 71. Kd3 Kc6 72. Ke3 Rf5 73. b7 Re5+ 1-0

[Event "European Blitz 2017"]
[Site "Katowice POL"]
[Date "2017.12.15"]
[Round "16.82"]
[White "Stenner, Patrick"]
[Black "Radnai, Adam"]
[Result "1/2-1/2"]
[BlackTitle "FM"]
[WhiteElo "2248"]
[BlackElo "2266"]
[WhiteFideId "4615760"]
[BlackFideId "726702"]
[EventDate "2017.12.15"]
[EventType "blitz"]

1. e4 c5 2. Nc3 Nc6 3. Bb5 Nd4 4. Nf3 Nxb5 5. Nxb5 a6 6. Nc3 d6 7. d4 cxd4 8.
Qxd4 Nf6 9. Bg5 e6 10. O-O-O Be7 11. Rhe1 Qc7 12. e5 dxe5 13. Qxe5 Qxe5 14. Nxe5
h6 15. Bh4 O-O 16. Na4 Ra7 17. Nb6 Bc5 18. Nbd7 Nxd7 19. Nxd7 Bxd7 20. Rxd7 b5
21. Red1 Rxd7 22. Rxd7 1/2-1/2

[Event "European Blitz 2017"]
[Site "Katowice POL"]
[Date "2017.12.15"]
[Round "16.83"]
[White "Cieslar, Michal"]
[Black "Kahleys, Kevin"]
[Result "1-0"]
[WhiteElo "2032"]
[BlackElo "2195"]
[WhiteFideId "1141066"]
[BlackFideId "24669601"]
[EventDate "2017.12.15"]
[EventType "swiss"]

1. d4 d6 2. Nf3 g6 3. g3 Bg7 4. Bg2 Nd7 5. O-O Ngf6 6. c4 O-O 7. Nc3 e5 8. h3 h6
9. e4 Qe7 10. Re1 a6 11. Be3 Kh7 12. Qc2 Nh5 13. Rad1 c6 14. Kh2 Kh8 15. b4 f5
16. Nh4 Qf7 17. exf5 gxf5 18. d5 c5 19. bxc5 dxc5 20. d6 Rb8 21. Nd5 b6 22. Ne7
Ndf6 23. Nhg6+ Kh7 24. Nxf8+ Qxf8 25. Nxf5 Kh8 26. Ne7 Qe8 27. Bc6 Qd8 28. Ng6+
Kg8 29. Nxe5 Be6 30. Bf3 Qf8 31. Nc6 Rc8 32. Ne7+ Kf7 33. Qg6# 1-0

[Event "European Blitz 2017"]
[Site "Katowice POL"]
[Date "2017.12.15"]
[Round "16.84"]
[White "Kanarek, Marcel"]
[Black "Gbyl, Andrzej"]
[Result "1-0"]
[WhiteTitle "GM"]
[WhiteElo "2505"]
[BlackElo "2243"]
[WhiteFideId "1126822"]
[BlackFideId "1117440"]
[EventDate "2017.12.15"]
[EventType "blitz"]

1. e4 c6 2. d4 d5 3. Nc3 dxe4 4. Nxe4 Bf5 5. Ng3 Bg6 6. h4 h6 7. Nf3 Nd7 8. h5
Bh7 9. Bd3 Bxd3 10. Qxd3 e6 11. Bd2 Ngf6 12. O-O-O Be7 13. Ne4 Nxe4 14. Qxe4 Nf6
15. Qd3 O-O 16. Kb1 c5 17. Rhg1 Nd5 18. g4 cxd4 19. g5 hxg5 20. Nxg5 Bxg5 21.
Bxg5 f6 22. Bd2 Ne7 23. h6 g5 24. f4 Kh8 25. fxg5 fxg5 26. Bxg5 Rf5 27. Bxe7
Qxe7 28. Qxd4+ Qf6 29. Qd7 Qf7 30. Qd4+ Qf6 31. Qe4 Rg8 32. Rxg8+ Kxg8 33. Qxb7
Qf7 34. Qxf7+ Rxf7 35. c4 Kh7 36. Re1 Re7 37. Kc2 Kxh6 38. b4 Kg6 39. c5 Kf6 40.
Kd3 e5 41. Kc4 Ke6 42. b5 Rd7 43. Re4 Rd1 44. a4 Rb1 45. Rh4 e4 46. Rh7 e3 47.
Rxa7 Rb4+ 1-0

[Event "European Blitz 2017"]
[Site "Katowice POL"]
[Date "2017.12.15"]
[Round "16.85"]
[White "Berchtenbreiter, Maximilian"]
[Black "Maslak, Alexander"]
[Result "1/2-1/2"]
[WhiteTitle "IM"]
[WhiteElo "2387"]
[BlackElo "2154"]
[WhiteFideId "24641120"]
[BlackFideId "4130871"]
[EventDate "2017.12.15"]
[EventType "blitz"]

1. e4 c5 2. Nc3 Nc6 3. Nge2 g6 4. h4 h5 5. d3 Bg7 6. Be3 Nd4 7. Qd2 d6 8. Nd5
Nxe2 9. Bxe2 Bxb2 10. Rb1 Bg7 11. d4 b6 12. a4 e6 13. Nc3 Ne7 14. Nb5 O-O 15.
Bg5 cxd4 16. Nxd4 Bb7 17. f3 d5 18. exd5 Bxd5 19. c4 Bb7 20. Nxe6 Qxd2+ 21. Kxd2
fxe6 22. Bxe7 Rfe8 23. Bg5 Bc6 24. Bd3 Kf7 25. Be4 Rac8 26. a5 Bxe4 27. fxe4
Rxc4 28. axb6 axb6 29. Rxb6 Rc7 30. Rhb1 Rec8 31. Rb7 Bd4 32. Kd3 e5 33. Bd2 Ke6
34. Ke2 Rc2 35. Kd3 Ra2 36. Rg7 Ra3+ 37. Ke2 Rc2 38. Rbb7 Kf6 39. Rbf7+ Ke6 40.
Rb7 Kf6 41. Rbf7+ Ke6 42. Rb7 Kf6 43. Kd1 Rxd2+ 44. Kxd2 Rg3 45. Rgf7+ Ke6 46.
Rfe7+ Kd6 47. Rbd7+ Kc6 48. Ke2 Rxg2+ 49. Kf3 Rf2+ 50. Kg3 Rf4 51. Rxd4 Rg4+ 52.
Kf3 exd4 53. Re5 Kd6 54. Rd5+ Ke6 55. Rxd4 Rxh4 56. Ra4 Rg4 1/2-1/2

[Event "European Blitz 2017"]
[Site "Katowice POL"]
[Date "2017.12.15"]
[Round "16.86"]
[White "Montilla Carrillo, Esteban"]
[Black "Shkapenko, Pavel"]
[Result "0-1"]
[WhiteTitle "FM"]
[BlackTitle "IM"]
[WhiteElo "2233"]
[BlackElo "2431"]
[WhiteFideId "2208261"]
[BlackFideId "4151933"]
[EventDate "2017.12.15"]
[EventType "blitz"]

1. Nf3 Nf6 2. c4 e6 3. g3 a6 4. Bg2 b5 5. b3 Bb7 6. Bb2 c5 7. O-O Be7 8. d3 d5
9. cxd5 exd5 10. Nbd2 O-O 11. e3 Nbd7 12. Rc1 Re8 13. a3 Bf8 14. Re1 a5 15. a4
Ba6 16. axb5 Bxb5 17. d4 a4 18. dxc5 Nxc5 19. Nd4 Bd7 20. bxa4 Nd3 21. Rb1 Bxa4
22. Qe2 Nxe1 23. Qxe1 Rb8 24. Qc1 Qc8 25. Ra1 Qxc1+ 26. Bxc1 Bd7 27. N2b3 Ne4
28. Ra7 Be6 29. f4 Nc5 30. Nd2 Ra8 31. Rxa8 Rxa8 32. Bf1 Bd7 33. Bb2 Ra2 34. Bc3
Na4 35. Ba5 Nb2 36. N2b3 Nc4 0-1

[Event "European Blitz 2017"]
[Site "Katowice POL"]
[Date "2017.12.15"]
[Round "16.87"]
[White "Snihur, Piotr"]
[Black "Janaszak, Dawid"]
[Result "0-1"]
[BlackTitle "FM"]
[WhiteElo "2233"]
[BlackElo "2372"]
[WhiteFideId "1157191"]
[BlackFideId "1119206"]
[EventDate "2017.12.15"]
[EventType "blitz"]

1. d4 Nf6 2. c4 g6 3. f3 c5 4. d5 d6 5. e4 Bg7 6. Nc3 O-O 7. Be3 e6 8. Nge2 Re8
9. Qd2 exd5 10. cxd5 Na6 11. Nf4 Nc7 12. a4 b6 13. Be2 a6 14. O-O Rb8 15. Rfc1
b5 16. axb5 Nxb5 17. Nxb5 axb5 18. Ra7 g5 19. Nd3 h6 20. Rca1 Nxd5 21. Bxg5 Qxg5
22. f4 Qf6 23. exd5 Qd4+ 24. Kh1 c4 25. Qa5 cxd3 26. Qc7 Rb7 27. Rxb7 Bxb7 28.
Bh5 Qxd5 29. Bf3 d2 30. Rg1 Qxf3 0-1

[Event "European Blitz 2017"]
[Site "Katowice POL"]
[Date "2017.12.15"]
[Round "16.89"]
[White "Kashtanov, Ruslan"]
[Black "Stabulnieks, Klavs"]
[Result "1-0"]
[WhiteTitle "IM"]
[WhiteElo "2376"]
[BlackElo "2181"]
[WhiteFideId "4124871"]
[BlackFideId "11603984"]
[EventDate "2017.12.15"]
[EventType "blitz"]

1. Nf3 Nf6 2. c4 g6 3. Nc3 Bg7 4. e4 d6 5. d4 O-O 6. Be2 e5 7. d5 Nbd7 8. Nd2
Ne8 9. h4 f5 10. h5 Nef6 11. hxg6 hxg6 12. exf5 gxf5 13. Qc2 e4 14. g4 Ne5 15.
gxf5 Bxf5 16. Ndxe4 Re8 17. Bg5 Nxe4 18. Bxd8 Ng3 19. Qb3 Nd3+ 20. Kd2 Nc5 21.
Qd1 Nxh1 22. Qxh1 Raxd8 23. Rg1 Re7 24. Bg4 Ne4+ 25. Nxe4 Bxe4 26. Qh4 Rde8 27.
Be6+ Kf8 28. Qxe4 1-0

[Event "European Blitz 2017"]
[Site "Katowice POL"]
[Date "2017.12.15"]
[Round "16.90"]
[White "Pribyl, Josef"]
[Black "Kiratzopoulos, Efthimios"]
[Result "0-1"]
[WhiteTitle "IM"]
[WhiteElo "2263"]
[BlackElo "2204"]
[WhiteFideId "300187"]
[BlackFideId "4207629"]
[EventDate "2017.12.15"]
[EventType "blitz"]

1. d4 Nf6 2. Nf3 e6 3. g3 Nc6 4. Bg2 d6 5. c4 g6 6. Nc3 Bg7 7. e4 O-O 8. O-O h6
9. d5 Nb8 10. dxe6 Bxe6 11. Nd2 Nc6 12. b3 Nd7 13. Bb2 a5 14. Na4 Bxb2 15. Nxb2
Qf6 16. Nd3 Nc5 17. Nf4 a4 18. Nd5 Bxd5 19. exd5 Ne5 20. b4 Ncd7 21. a3 Rfe8 22.
Qc2 Re7 23. Rfe1 Rae8 24. Rad1 Ng4 25. Ne4 Qg7 26. h3 Ngf6 27. Nxf6+ Qxf6 28.
Rxe7 Qxe7 29. Qxa4 Qe2 30. Bf1 Qe7 31. Rd2 Nb6 32. Qd1 Qf6 33. a4 Qc3 34. a5 Nd7
35. b5 Ne5 36. Be2 Qxa5 37. Rb2 Qb6 38. Kg2 Qc5 39. Qa1 Nd7 40. Ra2 Nb6 41. Qc3
h5 42. Qd3 h4 43. gxh4 Nd7 44. h5 Ne5 45. Qe3 Qxe3 46. fxe3 gxh5 47. Bxh5 Nxc4
48. Ra7 Nxe3+ 49. Kf2 Nxd5 50. Bf3 Nf4 51. Rxb7 Nxh3+ 52. Kg3 Ng5 53. Bc6 Re5
54. Rxc7 Ne6 55. Rc8+ Kg7 56. b6 Nc5 57. b7 Nxb7 58. Bxb7 Kf6 59. Bc6 Rc5 60.
Kf4 Rc4+ 61. Ke3 Rc5 62. Rc7 Ke6 63. Bd7+ Kd5 64. Ra7 Rc3+ 65. Kf4 Rc4+ 66. Kf5
Rc5 67. Kf6 Kd4 68. Kxf7 Rh5 69. Ra4+ Ke3 70. Ke6 d5 71. Bc6 d4 72. Ra3+ d3 73.
Bd5 Rh4 74. Kd6 Ke2 75. Bb3 d2 76. Ra1 Rb4 77. Bd1+ Ke3 78. Kc5 Rb8 79. Bh5 Rc8+
80. Kb4 Rc1 81. Ra3+ Kf2 82. Rd3 Ke1 83. Bg4 Rc7 84. Kb3 Rg7 85. Bh5 Rg5 86. Bf3
Rf5 87. Bg4 Rg5 88. Bf3 Rg3 89. Re3+ Kf2 90. Rd3 Rxf3 0-1

[Event "European Blitz 2017"]
[Site "Katowice POL"]
[Date "2017.12.15"]
[Round "16.91"]
[White "Colls Gelaberto, Emili"]
[Black "Dudzinski, Pawel"]
[Result "1/2-1/2"]
[WhiteTitle "CM"]
[BlackTitle "FM"]
[WhiteElo "2093"]
[BlackElo "2241"]
[WhiteFideId "2209950"]
[BlackFideId "1117890"]
[EventDate "2017.12.15"]
[EventType "blitz"]

1. d4 f5 2. Nc3 d5 3. Nf3 c5 4. e3 Nc6 5. Ne2 Nf6 6. b3 e6 7. g3 Ne4 8. Bg2 cxd4
9. exd4 Bb4+ 10. Bd2 Nxd2 11. Nxd2 Qa5 12. a3 Bc3 13. b4 Bxd2+ 14. Qxd2 Qa6 15.
O-O Bd7 16. Rfd1 Qc4 17. Qd3 b5 18. Qxc4 bxc4 19. c3 a5 20. Re1 Kf7 21. b5 Na7
22. a4 Nc8 23. h4 Nb6 24. Nf4 g6 25. Nh3 h6 26. f4 Kf6 27. Kf2 Nc8 28. Ng1 Nd6
29. Ke3 g5 30. Nh3 gxh4 31. gxh4 Rhg8 32. Kf2 Rg4 33. Bf3 Rg7 34. Rg1 Rag8 35.
Rxg7 Rxg7 36. Rg1 Nc8 37. Rxg7 Kxg7 38. Bd1 Be8 39. Ke3 Nd6 40. Bc2 Bh5 41. Nf2
Bg4 42. Nh1 Bh3 43. Ng3 Bg2 44. Kf2 Be4 45. Bd1 Bb1 46. Ke3 Kf6 47. Kd2 Ke7 48.
Kc1 Bd3 49. Nh1 Ne4 50. Kb2 Kd6 51. Bf3 Nd2 52. Bd1 Ne4 53. Bf3 Nd2 54. Bd1 Bf1
55. Ng3 Bg2 56. Kc2 Ne4 57. Nxe4+ fxe4 58. Kd2 Bh3 59. Ke3 Bf5 60. Bh5 Kd7 61.
Bd1 Bg6 62. Be2 Be8 63. Bd1 Ke7 64. Kf2 Kf6 65. Kg3 Ke7 66. Kf2 Kd6 67. Ke3 Kc7
68. Bg4 Bd7 69. Bh3 Kb6 70. Bg4 Kc7 71. Bh3 Bc8 72. Bf1 Bd7 73. Be2 Be8 74. Bd1
Bf7 75. Be2 Bg6 76. Bd1 Bf5 77. Be2 Bh3 78. Kf2 Kd8 79. Kg3 Bf5 80. Kf2 Bg6 81.
Ke3 Be8 82. Kf2 Ke7 83. Ke3 Kf6 84. Bg4 Bd7 85. Bh3 Kf7 86. Bg4 Ke7 87. Be2 Kd6
88. Bd1 Be8 89. Be2 Bg6 90. Bd1 Bf5 91. Be2 Bh3 92. Kf2 Kd7 93. Kg3 Bf5 94. Kf2
Bg6 95. Ke3 Be8 96. Kf2 1/2-1/2

[Event "European Blitz 2017"]
[Site "Katowice POL"]
[Date "2017.12.15"]
[Round "16.92"]
[White "Babanin, Gleb"]
[Black "Przybylski, Wojciech"]
[Result "0-1"]
[BlackTitle "FM"]
[WhiteElo "2094"]
[BlackElo "2320"]
[WhiteFideId "34152536"]
[BlackFideId "1117599"]
[EventDate "2017.12.15"]
[EventType "blitz"]

1. e4 e5 2. Nf3 Nc6 3. Bb5 Nf6 4. O-O Nxe4 5. d4 Nd6 6. Bxc6 dxc6 7. dxe5 Nf5 8.
Qxd8+ Kxd8 9. h3 Ke8 10. Nc3 h6 11. Ne4 b6 12. b3 Be7 13. Bb2 a5 14. a4 c5 15.
c4 Bb7 16. Rfe1 Rd8 17. e6 fxe6 18. g4 Nd4 19. Bxd4 cxd4 20. Ne5 Bb4 21. Re2 d3
22. Re3 d2 23. Rd1 Rf8 24. Ng6 Rf7 25. f4 Rfd7 26. Kf2 Rd3 27. Ne5 Bxe4 28. Rxe4
Rxb3 29. f5 Bc5+ 30. Kg2 Rd4 31. Re2 Bd6 32. Nf3 Rdd3 33. Nxd2 Rb2 0-1

[Event "European Blitz 2017"]
[Site "Katowice POL"]
[Date "2017.12.15"]
[Round "16.93"]
[White "Szadkowski, Krzysztof"]
[Black "Jarmula, Lukasz"]
[Result "0-1"]
[BlackTitle "IM"]
[WhiteElo "2138"]
[BlackElo "2463"]
[WhiteFideId "1125060"]
[BlackFideId "1160664"]
[EventDate "2017.12.15"]
[EventType "blitz"]

1. e4 c5 2. Nf3 d6 3. c3 Nf6 4. Bd3 Nc6 5. O-O Bg4 6. Re1 Bxf3 7. Qxf3 g6 8. e5
dxe5 9. Bb5 Qb6 10. Bxc6+ Qxc6 11. Qxc6+ bxc6 12. Rxe5 Nd7 13. Re1 Bg7 14. Na3
Ne5 15. d4 cxd4 16. cxd4 Nd7 17. Bg5 e6 18. Rac1 Bxd4 19. Rxc6 O-O 20. Rd6 Bxb2
21. Nc4 Bf6 22. Bh6 Rfd8 23. Red1 Nb6 24. Nxb6 axb6 25. g3 g5 26. Kg2 Be7 27.
Rxd8+ Rxd8 28. Rxd8+ Bxd8 29. f4 g4 30. h3 f5 31. hxg4 fxg4 32. Kf2 Kf7 33. Ke3
Be7 34. f5 exf5 35. Kd4 Bd6 36. Kd5 Bxg3 37. Be3 b5 38. Kc5 f4 39. Bd4 f3 40.
Kxb5 f2 0-1

[Event "European Blitz 2017"]
[Site "Katowice POL"]
[Date "2017.12.15"]
[Round "16.94"]
[White "Sabuk, Piotr"]
[Black "Roenko, Artur"]
[Result "1-0"]
[WhiteTitle "IM"]
[WhiteElo "2382"]
[BlackElo "2167"]
[WhiteFideId "1137565"]
[BlackFideId "14136732"]
[EventDate "2017.12.15"]
[EventType "blitz"]

1. Nf3 d5 2. e3 Nf6 3. c4 c6 4. Nc3 e6 5. b3 Be7 6. Bb2 O-O 7. d4 Nbd7 8. Bd3 b6
9. O-O Bb7 10. Qe2 c5 11. cxd5 exd5 12. Rfd1 cxd4 13. Nxd4 Ne5 14. Nf5 Bb4 15.
Ba6 Qc8 16. Bxb7 Qxb7 17. Nxd5 Nxd5 18. Bxe5 Bc3 19. Bxc3 Nxc3 20. Qg4 g6 21.
Rd7 Qe4 22. Qxe4 Nxe4 23. Ne7+ Kg7 24. Rad1 a5 25. Nd5 b5 26. Nc7 Nf6 27. Ne6+
Kg8 28. Nxf8 1-0

[Event "European Blitz 2017"]
[Site "Katowice POL"]
[Date "2017.12.15"]
[Round "16.96"]
[White "Kolasinski, Krzysztof"]
[Black "Reza, Wojciech"]
[Result "0-1"]
[WhiteElo "2045"]
[BlackElo "2283"]
[WhiteFideId "1122240"]
[BlackFideId "1151967"]
[EventDate "2017.12.15"]
[EventType "blitz"]

1. d4 Nf6 2. c4 e6 3. Nc3 Bb4 4. e3 O-O 5. a3 Bxc3+ 6. bxc3 d6 7. Bd3 e5 8. Ne2
b6 9. f3 Bb7 10. O-O c5 11. Bb2 Nc6 12. Ng3 Na5 13. Qe2 Qd7 14. Rad1 Qa4 15. Nf5
Rad8 16. g4 g6 17. g5 Nh5 18. Ng3 Nxg3 19. hxg3 Ba6 20. Qh2 Bxc4 21. Bc2 Qb5 22.
Rf2 Qxb2 23. Bxg6 Qxf2+ 24. Kxf2 fxg6 25. dxe5 dxe5 26. Rxd8 Rxd8 27. Qh4 Rd2+
28. Kg1 Bf7 29. Qe4 Nc4 30. Qa8+ Kg7 31. Qxa7 Rd3 32. Qe7 Kg8 33. Kf2 Rd2+ 34.
Ke1 Rd3 35. Kf2 Rd2+ 36. Ke1 Rd3 37. Kf2 Rd2+ 38. Ke1 Rd6 39. a4 Kg7 40. f4 exf4
41. gxf4 Re6 42. Qc7 Nxe3 43. Kd2 Nf5 44. Kc2 Re2+ 45. Kd1 Re3 46. Kd2 Re7 47.
Qb8 Rd7+ 48. Kc1 Rd6 49. Qc7 Re6 50. Qb8 Ne3 51. Qc7 Nd5 52. Qd8 Nxc3 53. Kc2
Ne4 54. Kd3 Ng3 55. Kc2 Nf5 56. a5 bxa5 57. Qxa5 c4 58. Kc3 Re8 59. Qc7 Kg8 60.
Qb6 Ne3 61. Qc6 Nd5+ 62. Kd4 Nxf4 63. Qf6 Ne6+ 64. Kc3 Nf8 65. Qd4 Ne6 66. Qf6
Rc8 67. Qe5 Nc5 68. Qe3 Nd3 69. Qd4 Re8 70. Qf6 Nc1 71. Qf2 Ne2+ 72. Kc2 c3 73.
Qf6 Rc8 74. Qe7 Nd4+ 75. Kc1 c2 76. Qd6 Nb3+ 0-1